00972cam a22002894a 450000500170000000800410001701000140005802000260007202000230009803500130012103700130013404000080014708200120015510000200016724500770018726000530026430000320031750000860034950400200043565000300045565000110048565000190049665100360051565100300055165100330058185600680061420070926145428.0060413s2006 ilu b 001 0 eng  aENG-95523 a9780198064206c295.00 a0198064209c295.00 aEN-79056 aDBAD/PUB aDPL a320.954 aChandra, Satish aState, Pluralism, and the Indian Hisorical Tradition/cby Satish Chandra aNew DelhibOxrofd India University Press,c2009 aviii, 196 p. ;c22 cm.(Pbk) aExpanded and revised edition of Gandhi : the traditional roots of charisma, 1983. aIncludes index. aCultural pluralismzIndia aBhakti aSufisamzIndia aIndia xPolitics and government aIndia xSocial conditions aIndia xEconomics conditions uhttp://www.loc.gov/catdir/enhancements/fy0707/2006045545-t.html